| 000 | 01604cam a2200493 i 4500 | ||
|---|---|---|---|
| 001 | 7357 | ||
| 003 | KOSZ 005 | ||
| 005 | 20250407122835.0 | ||
| 008 | 250404s1971 pl a f 000 0 pol | ||
| 015 | _aUWD 1972/3186 | ||
| 035 | _a991035532169705066 | ||
| 035 | _a(PL-WaBN)b19556871-48omnis_nlop | ||
| 035 | _ab19556871 | ||
| 035 | _a(OCoLC)749398494 | ||
| 035 | _a(PL)b0000001955687 | ||
| 035 | _a(EXLNZ-48OMNIS_NETWORK)9910080278305606 | ||
| 040 |
_aWA N _cWA N _dKOSZ 005/RW |
||
| 046 | _k1971 | ||
| 080 | _a536.2 | ||
| 080 | _a536.7 | ||
| 080 | _a(075.8) | ||
| 100 | 1 |
_aRadwański, Edward _d(1929-2020) _eAutor |
|
| 245 | 1 | 0 |
_aWstęp do techniki cieplnej / _cEdward Radwański. |
| 250 | _aWydanie I. | ||
| 260 |
_aWarszawa : _bPaństwowe Wydawnictwo Naukowe, _c1971. |
||
| 300 |
_a265, [1] stron : _bilustracje ; _c24 cm. |
||
| 336 |
_aTekst _btxt _2rdacontent |
||
| 337 |
_aBez urządzenia pośredniczącego _bn _2rdamedia |
||
| 338 |
_aWolumin _bnc _2rdacarrier |
||
| 380 | _aKsiążki | ||
| 380 | _aPublikacje dydaktyczne | ||
| 385 |
_mPoziom nauczania _aSzkoły wyższe |
||
| 388 | 1 | _a1901-2000 | |
| 388 | 1 | _a1945-1989 | |
| 504 | _aBibliografia na stronie [266]. | ||
| 650 | 7 |
_aTermodynamika techniczna _2DBN |
|
| 655 | 7 |
_aPodręczniki akademickie _2DBN |
|
| 658 | _aFizyka i astronomia | ||
| 658 | _aInżynieria i technika | ||
| 710 | 2 |
_aPaństwowe Wydawnictwo Naukowe _4pbl |
|
| 856 |
_uhttps://koha.tu.koszalin.pl/cgi-bin/koha/opac-detail.pl?biblionumber=7357 _yKatalog online BPK |
||
| 942 |
_2UKD _cKS |
||
| 999 |
_c7357 _d7357 |
||